=LDR 00000nam 2200000 4500 =001 NUTBA000000000005714 =005 20141106084658.0 =006 =007 =008 =020 ##$$a 978-979-050-290-1 =035 ##$$a 0010-111400000000193 =040 ##$$a NBPDMAT =082 ##$$a R.912.598 162 =090 ##$$a R.912.598 162 $b Mah a =100 ##$$a Mahyuzar =245 ##$$a Atlas tematik Banagka Belitung / $c penyusun Mahyuzar =250 ##$$a Cet.1 =260 ##$$a Jakarta : $b Bina Sumber Daya Mipa, $c 2010 =300 ##$$a 48 hlm. : $b ilus. ; $c 29 cm. =650 ##$$a Atlas Bangka Belitung =850 ##$$a NBPDMAT